Cómo hacen los que hacen (Registro nro. 2635)

Detalles MARC
000 -LEADER
fixed length control field 02073 a2200241 4500
001 - CONTROL NUMBER
control field 36309
005 - DATE AND TIME OF LATEST TRANSACTION
control field 20260407155639.0
008 - FIXED-LENGTH DATA ELEMENTS--GENERAL INFORMATION
fixed length control field 260407a1989 arg spa d
003 - CONTROL NUMBER IDENTIFIER
control field AR-UNSa-BCEJYS
040 ## - CATALOGING SOURCE
Original cataloging agency AR-UNSa-BCEJYS
Language of cataloging spa
Transcribing agency AR-UNSa-BCEJYS
080 ## - UNIVERSAL DECIMAL CLASSIFICATION NUMBER
Universal Decimal Classification number 658
Common auxiliary subdivision Administración de empresas. Organización comercial
020 ## - INTERNATIONAL STANDARD BOOK NUMBER
International Standard Book Number 950-9109-51-7
041 ## - LANGUAGE CODE
Language code of text/sound track or separate title spa
100 1# - MAIN ENTRY--PERSONAL NAME
Personal name Levy, Alberto R.
245 10 - TITLE STATEMENT
Title Cómo hacen los que hacen
250 ## - EDITION STATEMENT
Edition statement 6a. ed.
264 #1 - PRODUCTION, PUBLICATION, DISTRIBUTION, MANUFACTURE, AND COPYRIGHT NOTICE
Place of production, publication, distribution, manufacture Buenos Aires :
Name of producer, publisher, distributor, manufacturer Tesis
Date of production, publication, distribution, manufacture, or copyright notice 1989
300 ## - PHYSICAL DESCRIPTION
Extent 272 p.
Dimensions 25 cm.
505 ## - FORMATTED CONTENTS NOTE
Formatted contents note I. Escenario: la noche - 2. El dia - II. La empresa: 1. El trabajo empresario - 2. Las palancas de comando - 3. Las cinco claves - III. Mística: 1. Credo - 2. Héroes - 3. Cómo nace una cultura - 4. Las reglas del juego - 5. Razones para el cambio cultural - 6. El programa de cambio cultural - 7. Riesgo cultural - 8. Cultura fuego - IV. Compettitividad: 1. Alerta roja - 2. Algo especial - 3. Rivalidad - 4. La máquina del valor - 6. Los costos - 7. Posicionamiento - 8. ¿Ciclo de vida del producto o de la ventaja competitiva? - 9. Concentraciones y fragmentaciones - 10. Más sobre competitividad - v. Estabilidad: 1. Riesgo por concentración - 2. Riesgo por dispación - 3. Equilibrio - 4. Misión - 5. Negocios atractivos - 6. A medida - 7. Construyendo la cartera - 8. Recapitulemos - VI. Organización : 1. La estructura - 2. Los sistemas - 3. Los procesos gerenciales - 5. Los múltiples sombreros - VII. Flexibilidad: 1. Campo de fuerzas - 2. El impacto del entorno - 3. Misión -Empresa - 4. El portafolio de negocios - 5. El posicionamiento de productos - 6. La organización - 7. La logística - 8. La producción - 9. El marketing - 10. Las finanzas - 11. La cultura - VIII. Los cimientos del crecimieto: 1. Usando las claves - 2. Cras y cecas de la rentabilidad - 3. El flujo de fondos - 4. Asiganado recursos - 5. Juntando los extremos - 6. Adecuando la empresa - IX. El desegue: 1. Ganando altura.
590 ## - LOCAL NOTE (RLIN)
Local note niveau_biblio:m niveau_hierar:0
700 1# - ADDED ENTRY--PERSONAL NAME
Personal name Wilensky, Alberto L.
942 ## - ADDED ENTRY ELEMENTS (KOHA)
Koha item type
Existencias
Withdrawn status Lost status Damaged status Not for loan Home library Current library Shelving location Date acquired Total checkouts Full call number Barcode Date last seen Price effective from Koha item type
        Biblioteca Prof. Eusebio Cleto del Rey Biblioteca Prof. Eusebio Cleto del Rey   07/04/2026   658 L668 L53135 07/04/2026 07/04/2026 Libro
        Biblioteca Prof. Eusebio Cleto del Rey Biblioteca Prof. Eusebio Cleto del Rey   07/04/2026   658 L668 L53391 07/04/2026 07/04/2026 Libro
        Biblioteca Prof. Eusebio Cleto del Rey Biblioteca Prof. Eusebio Cleto del Rey   07/04/2026   658 L668 L45583 07/04/2026 07/04/2026 Libro